000 00530cam a22002171 4500
001 sa 63001144
003 DLC
005 20260227111926.0
008 950217s1962 ii 000 0 hino
010 _asa 63001144
025 _aPL480:I-H-646
035 _a(OCoLC)32010117
040 _aDLC
_cCU
_dCU
_dDLC
042 _apremarc
050 0 0 _aPK2098.M23
_bN3
100 1 _aMadāriyā, Manamohana,
_d1929-
245 1 0 _aNāraṅgī kī phān̐keṃ.
260 _c[1962]
300 _a164 p.
_c19 cm.
500 _aIn Hindi.
999 _c53831
_d53831